Online
Catalog

Guatemala : (Record no. 24061)

MARC details
000 -CABECERA
campo de control de longitud fija 00806nam a2200229 a 4500
001 - NÚMERO DE CONTROL
campo de control 000024568
005 - FECHA Y HORA DE LA ÚLTIMA TRANSACCIÓN
campo de control 20260304103205.0
008 - DATOS DE LONGITUD FIJA--INFORMACIÓN GENERAL
campo de control de longitud fija 110131s1987 sp abc r 000 0 spa d
040 ## - FUENTE DE LA CATALOGACIÓN
Centro catalogador/agencia de origen DO-SdBNP
Lengua de catalogación spa
Centro/agencia transcriptor BNPHU
082 ## - NÚMERO DE LA CLASIFICACIÓN DECIMAL DEWEY
Número de clasificación 323.4
Número de documento/Ítem G918
049 ## - FONDOS LOCALES (OCLC)
Fondos de biblioteca BNGR
245 01 - MENCIÓN DE TÍTULO
Título Guatemala :
Resto del título crónica de las violaciones de los derechos humanos.
260 ## - PUBLICACIÓN, DISTRIBUCIÓN, ETC.
Lugar de publicación, distribución, etc. Madrid, (España) :
Nombre del editor, distribuidor, etc. Publicaciones Amnistía Internacional,
Fecha de publicación, distribución, etc. [1987].
300 ## - DESCRIPCIÓN FÍSICA
Extensión 231 p. :
Otras características físicas il., retrs. ; mapas ;
Dimensiones 21 cm.
500 ## - NOTA GENERAL
Nota general Incluye apéncice
504 ## - NOTA DE BIBLIOGRAFÍA, ETC.
Nota de bibliografía, etc. Incluye referencias bibliográficas
500 ## - NOTA GENERAL
Nota general Incluye notas al pie de las páginas
650 #0 - PUNTO DE ACCESO ADICIONAL DE MATERIA--TÉRMINO DE MATERIA
Término de materia o nombre geográfico como elemento de entrada Derechos humanos
9 (RLIN) 658
650 #0 - PUNTO DE ACCESO ADICIONAL DE MATERIA--TÉRMINO DE MATERIA
Término de materia o nombre geográfico como elemento de entrada Garantías (Derecho)
9 (RLIN) 48438
650 #4 - PUNTO DE ACCESO ADICIONAL DE MATERIA--TÉRMINO DE MATERIA
Término de materia o nombre geográfico como elemento de entrada Derechos humanos
Subdivisión general Filosofía
9 (RLIN) 50375
650 #4 - PUNTO DE ACCESO ADICIONAL DE MATERIA--TÉRMINO DE MATERIA
Término de materia o nombre geográfico como elemento de entrada Derechos humanos (derecho internacional)
9 (RLIN) 50376
Holdings
Estado de retiro Estado de pérdida Restricciones de uso No para préstamo Código de colección Localización permanente Ubicación/localización actual Ubicación en estantería Fecha de adquisición Número de inventario Total de préstamos Signatura topográfica completa Código de barras Fecha visto por última vez Precio válido a partir de Tipo de ítem Koha
        Monografías: Libros y Folletos General General En catalogación 03.02.2011 LF1   323.4 G918 24568-10 25.06.2020 25.06.2020 Préstamo en sala

Powered by Koha